000 00317nam a2200133Ia 4500
100 _aZeyher/L.R
942 _cRB
654 _aProduction Manual & Guide
245 _aProduction & Operations Manual & Guide
260 _bprentice hall
_aNew Jersey
_c1975
082 _a658.50246
300 _a236
546 _aENGLISH
999 _c31043
_d31043